000 00976cam a22003258i 4500
001 17627565
003 OSt
005 20211216144731.0
008 130215s2014 nyu f 001 0 eng
010 _a 2012047223
020 _a9781259097164
038 _aKhadija
040 _aDLC
_beng
_cDLC
_erda
042 _apcc
050 0 0 _aTJ1165
_b.F566 2014
082 0 0 _a671.35
_223
_bFIT
100 1 _aFitzpatrick, Michael,
_d1945-
_986762
245 1 0 _aMachining and CNC technology /
_cMichael Fitzpatrick.
246 3 _aMachining and computer numerical control technology
250 _aThird edition.
263 _a1401
300 _apages cm
500 _aIncludes index.
563 _aPB
650 0 _aMachining
_vHandbooks, manuals, etc.
_986763
650 0 _aMachine-tools
_xNumerical control
_vHandbooks, manuals, etc.
_986764
906 _a7
_bcbc
_corignew
_d1
_eecip
_f20
_gy-gencatlg
942 _2ddc
_cBK
999 _c33555
_d33555